UBT Library

ARRHYTHMIAS CASE STUDIES (Record no. 60574)

000 -LEADER
fixed length control field 00337nam a22001457a 4500
008 - FIXED-LENGTH DATA ELEMENTS--GENERAL INFORMATION
fixed length control field 240205b ||||| |||| 00| 0 eng d
020 ## - INTERNATIONAL STANDARD BOOK NUMBER
International Standard Book Number 087488070
041 ## - LANGUAGE CODE
Language code of text/sound track or separate title eng
080 ## - UNIVERSAL DECIMAL CLASSIFICATION NUMBER
Edition identifier 1978
Universal Decimal Classification number 616.12
082 ## - DEWEY DECIMAL CLASSIFICATION NUMBER
Classification number 616.12
100 ## - Rafti
Rafti 12
101 ## - Shkurtesa
Shkurtesa KARDIOLOGJI
245 ## - TITLE STATEMENT
Title ARRHYTHMIAS CASE STUDIES
Statement of responsibility, etc LESTER B JACOBSON
942 ## - ADDED ENTRY ELEMENTS (KOHA)
Source of classification or shelving scheme
Item type Books
Holdings
Withdrawn status Lost status Source of classification or shelving scheme Damaged status Not for loan Collection code Permanent location Current location Date acquired Total Checkouts Full call number Barcode Date last seen Price effective from Koha item type
          Koleksioni i përgjithshem UBT - Lipjan UBT - Lipjan 02/05/2024   616.12JAC 002-800070591 02/05/2024 02/05/2024 Books
UBT Library © 2015-2024. All rights reserved University Education for Business and Technology